| 000 | 00920nam a22002777a 4500 | ||
|---|---|---|---|
| 005 | 20100814095637.0 | ||
| 010 | _aENG-100443 | ||
| 020 |
_c1995.00 _a8187471190(v.1) |
||
| 020 |
_c1995.00 _a8187471212(set) |
||
| 035 | _aEN-83976 | ||
| 037 | _aDBAD/PUB | ||
| 082 | _a954 | ||
| 100 |
_aSahajwala, P. C. _913528 |
||
| 245 |
_aIndia through questions and answers / _bby P. C. Sahajwala |
||
| 260 |
_aNew Delhi _bStandard Publishers _c2006 |
||
| 270 |
_aG-126/2, Street No. 26, Rajapur Main Road, Uttam Nagar _bNew Delhi _e110059 |
||
| 300 |
_av.1. xxxii, 365 p. _c22cm (Hb) |
||
| 500 | _aIncludes bibliographical references | ||
| 650 |
_zCricet _913529 |
||
| 650 |
_zMotion pictures _913530 |
||
| 650 |
_zReligion _913531 |
||
| 700 | _912834 | ||
| 700 | _913135 | ||
| 942 |
_2ddc _cEN _h954 _mSAH |
||
| 999 |
_c41948 _d41948 |
||